01875cam a22003375a 4500001001400000003000400014005001700018008004100035020001500076020001900091040002900110082002100139100002400160245009900184260005400283300004100337500002400378504004100402505018700443520048400630650003601114650004301150650003801193650004001231650003601271651001001307653004001317942002101357999001701378952014201395ssj0001155042OSt20151117142507.0130815t2014 inua frb 001 0 eng d a1118582306 z9781118582305  aVRCbengcVRCdEG-ScBUE 04a302.222222bKRU1 aKrum, Randy.93876710aCool infographics :beffective communication with data visualization and design /cRandy Krum. aIndianapolis :bJohn Wiley & Sons, Inc.,cc.2014. axix, 348 p. :bill. (col.) ;c23 cm. aIndex : p. 339-348. aIncludes bibliographical references.0 aThe science of infographics -- Online infographics -- Infographics and SEO -- Infographic resumes -- Internal confidential infographics -- Designing infographics -- Design resources. aResearch shows that visual information is more quickly and easily understood, and much more likely to be remembered. This innovative book presents the design process and the best software tools for creating infographics that communicate. Including a special section on how to construct the increasingly popular infographic resume, the book offers graphic designers, marketers, and business professionals vital information on the most effective ways to present data. -- Publisher. 7aComputer graphics.2BUEsh93615 0aCharts, diagrams, etc.xDesign.2BUEsh 0aInformation visualization.2BUEsh 7aVisual communication.2BUEsh937792 7aWeb sitesxDesign.2BUEsh97205 2BUEsh bCOMSCIcSeptember2015cNovember2015 2ddck302.222 KRU c20836d20808 00102ddc40708BaccahaMAINbMAINc1STd2015-09-02ePurchaseg240.00h23317l0o302.222 KRUp000030899r2025-07-15 00:00:00v300.00yBB